| 000 | 00857cam a22002531a 4500 | ||
|---|---|---|---|
| 001 | gs 62000192 | ||
| 003 | DLC | ||
| 005 | 20260227111411.0 | ||
| 008 | 800116s1962 dcu b f000 0 eng c | ||
| 010 | _ags 62000192 | ||
| 035 | _a(OCoLC)5878548 | ||
| 040 |
_aU.S. Geol. Survey. Libr. _cMsSM _dOCoLC _dMnHi _dDLC |
||
| 042 | _apremarc | ||
| 043 | _an-us--- | ||
| 050 | 0 | 0 |
_aQE75 _b.C5 no. 462 |
| 086 | 0 | _aI 19.4/2:462 | |
| 100 | 1 |
_aGottschall, Irwin, _d1912- |
|
| 245 | 1 | 2 |
_aA bibliography of maps of Civil War battlefield areas / _cby Irwin Gottschall. |
| 260 |
_aWashington : _bUnited States Dept. of the Interior, Geological Survey, _c1962. |
||
| 300 |
_a33 p. ; _c27 cm. |
||
| 440 | 0 |
_aGeological Survey circular ; _v462 |
|
| 500 | _aSupt. of Docs. no.: I 19.4/2:462. | ||
| 651 | 0 |
_aUnited States _xHistory _yCivil War, 1861-1865 _xMaps _vBibliography. |
|
| 999 |
_c29621 _d29621 |
||